MDQL
is popping MORE tags! Check the
thread
!
Quizzes
Events
Quiz Creation
Community
Videos
Private Events
Remove Ads
Sign In
Join for FREE
Feedback
Dark Mode
Quiz Categories
Sports
Geography
Music
Movies
Television
Just For Fun
Miscellaneous
History
Literature
Language
Science
Gaming
Entertainment
Religion
Holiday
For Kids
Quiz Lab
Recent
Popular Today
Quiz Kudos Today
Editor Picks
Curator Picks
Quizzes by...
Day
Popularity
Type
Ratings
Length
Year
Community
Subscriptions
Recent Discussions
Orange Saloon
Badges
Playlists
Quests
Create
Leaderboards
Showdown
Live 5
Trivia Bingo
Activity
Puzzle Library
Sporcle Events
Private Events
Virtual Trivia
Globe League
Become a Host
Pub Owners
SporcleCon
Opinionation
Our Games
Videos
Blog
Mobile Apps
Partnerships
Remove Ads and Go Orange
Feedback
Sports
Athletes
MLB
NBA
NHL
NFL
Soccer
Sports Teams
WWE
NCAA
Football
Premier League
Basketball
Baseball
Hockey
Golf
Tennis
Cricket
Rugby
Auto Racing
Olympics
World Cup
Sports
Athletes
MLB
NBA
NHL
NFL
Soccer
Sports Teams
WWE
NCAA
Football
Premier League
Basketball
Baseball
Hockey
Golf
Tennis
Cricket
Rugby
Auto Racing
Olympics
World Cup
Random Quiz
Search Sporcle
×
Quiz Lab
Quiz Lab
Sports
Football
Type in answers that appear in a list
Type in answers that appear in a list
Classic
Best Score? Go Orange.
1987 Topps Football Hall of Famers Stats
Can you name the Pro Football Hall of Famers that appeared in the 1987 Topps Football Card Set?
By
jaysee
8m
43 Questions
280 Plays
280 Plays
280 Plays
Comments
Comments
Give Quiz Kudos
Give Quiz Kudos
-
- Ratings
hide this ad
More Info
Replay
Link that replays current quiz
Next Quiz
Link to next quiz in quiz playlist
You Got
0%
They Got
Avg Score
75%
Avg Friend Score
Upgrade to see
Score Distribution
Jump to the score distribution portion of the page
Score
0/43
Timer
08:00
0
Plays Today
Card #
Player
% Correct
112
Joe Montana
98.2%
26
Lawrence Taylor
97.9%
46
Walter Payton
97.9%
115
Jerry Rice
97.9%
233
Dan Marino
97.5%
362
Jim Kelly
97.5%
31
John Elway
97.1%
58
Mike Singletary
96.1%
69
Art Monk
95.7%
177
Steve Largent
95.7%
215
Marcus Allen
95.7%
307
Warren Moon
95.7%
340
Dan Fouts
95.7%
146
Eric Dickerson
95.4%
263
Tony Dorsett
93.9%
369
Bruce Smith
93.9%
123
Ronnie Lott
93.2%
301
Reggie White
92.5%
277
Morten Andersen
92.3%
384
Steve Young
92.1%
192
Anthony Munoz
91.8%
56
Richard Dent
91.4%
Card #
Player
% Correct
343
Kellen Winslow
90%
365
Andre Reed
89.7%
77
Darrell Green
88.2%
220
Howie Long
87.1%
85
Ozzie Newsome
85.7%
136
Joe Klecko
85.7%
354
James Lofton
83.2%
288
John Stallworth
80%
183
Kenny Easley
78.8%
279
Rickey Jackson
77.5%
293
Donnie Shell
76.9%
25
Harry Carson
76.1%
107
Andre Tippett
73.2%
51
Jimbo Covert
73.1%
153
Jackie Slater
69.6%
53
Dan Hampton
68.6%
125
Charles Haley
68%
73
Russ Grimm
62.1%
224
Mike Haynes
62.1%
242
Dwight Stephenson
58.2%
207
Gary Zimmerman
53.6%
Quiz Playlist
Details
Report
Send in Message
Add To Playlist
More Info:
Can you name all 43 Pro Football Hall of Famers that appeared in the 1987 Topps football card set? Positions and teams are as depicted on the cards.
Classic:
Type in answers that appear in a list
Quiz Source
Last Updated: Feb 10, 2023
Quiz Scoreboard
CHALLENGE
Sign Up to Join the Scoreboard
Show All
Scores
Hide
Comments
May contain spoilers
Recently Published
Two Season TV Shows II
by 123Four
Television
10m
Image Sorting: Flags VI
by Barbecue
Geography
2m
Find the 'City' Movie
by crazypaving
Movies
60s
More to Explore
Quiz From the Vault
Featured Blog Post
14 Easter Pick-up Lines to Find Eggs With
hide this ad
You Might Also Like...
Tags
Baseball Quiz
Football Quiz
NFL Quiz
1987
Hall of Fame
hof
Today's Top Quizzes in Sports
Browse Sports
hide this ad
Today's Top Quizzes in Football
Browse Football
Top Contributed Quizzes in Sports
1
Les meilleurs buteurs des matchs entre le PSG et l’OM
2
Les entraîneurs de l'OM et du PSG au 21e siècle
3
2022 World Cup Stars
4
Les joueurs passés par le PSG et l'OM
5
Players with Multiple 50 Home Run Seasons
6
Criteria MLB: Left Handed Sluggers
7
FIFA Club World Cup Champions
8
Les joueurs passés par le LOSC et le RC Lens
9
NBA Logic Puzzle 2.0
10
Top 10 NHL Goal Scorers of All Time
Explore More
Trending Topics
Crossword
Disney
Marvel
Kpop
Harry Potter
NBA
Anime
Song
Soccer
WWE
The Office
Puzzle
Pokémon
NFL
Country
hide this ad
More By:
jaysee
Quiz
Plays
Rating
Category
Featured
Created
NBA All-Stars by Current Team
968,976
4.20
Sports
Feb 2, 2011
MLB Most Seasons with 20+ HR
57,097
4.50
Sports
Oct 8, 2013
Three-Word Bands Slot Machine III
37,064
4.32
Music
Nov 29, 2010
MLB - Opening Day All-Star Lineups
14,066
4.81
Sports
Dec 3, 2013
NFL - Top 5 Career Rushing Yards Per Draft
12,842
4.76
Sports
Nov 2, 2012
Go to Creator's Profile
Score Distribution
Quiz Creator Spotlight
jaysee
Follow
Send a Message
Quizzes Created
-
Created Quiz Play Count
-
More By This Creator
Popular Quizzes Today
1
Colored Red Africa Blitz
2
Find the US States - No Outlines Minefield
3
Find the 'City' Movie
4
5x2 Blitz: Bands
5
The Countries of the World
6
Find the US States
7
Find the Countries of Europe - No Outlines Minefield
8
US States
More Sports Quizzes
5 to 1 Blitz: Premier League
Curator's Pick
Trending Quizzes
Colored Red Europe Blitz I
Colored Red Africa Blitz II
Colored Red Europe Blitz II
Colored Red Africa Blitz III
Colored Red Europe Blitz III
Recently Updated
How Do You Spell That?
pecheneg
Godzilla Movies
pecheneg
Grab Bag: 4-10 Letters
pecheneg
2024 March Madness Bracket
pecheneg
Famous TV Couples
Peacemaker
Champions League XIs: Real Madrid
pecheneg
Largest US Cities 1790-2010
pecheneg
Rides in Walt Disney World
pecheneg
Most Oscar Losses (Acting)
pecheneg
Beyoncé Albums
pecheneg
Trending Topics
NBA
Harry Potter
Crossword
Disney
Kpop
Anime
Marvel
WWE
Song
NFL
The Office
Soccer
Pokémon
Puzzle
Country
Your Account Isn't Verified!
In order to create a playlist on Sporcle, you need to verify the email address you used during registration. Go to your
Sporcle Settings
to finish the process.
Report this User
Report this user for behavior that violates our
Community Guidelines
.
Details:
Send Report
Go to the Sporcle.com Mobile Site →
Comments